Public service in Nigeria and comparative local government (Record no. 3927)

MARC details
000 -LEADER
fixed length control field 00458nam a22001457a 4500
008 - FIXED-LENGTH DATA ELEMENTS--GENERAL INFORMATION
fixed length control field 250623b |||||||| |||| 00| 0 eng d
020 ## - INTERNATIONAL STANDARD BOOK NUMBER
ISBN 9794608358
100 ## - MAIN ENTRY--AUTHOR
Author Anazodo Rosemary
245 ## - TITLE STATEMENT
Title Public service in Nigeria and comparative local government
260 ## - PUBLICATION, DISTRIBUTION, ETC. (IMPRINT)
Place of publication Nkpor
Name of publisher Base 5 publishers
Date of publication 2014
300 ## - COLLATION
Pagination Xavier,432p.
Other physical details ill.
650 ## - TRACINGS
Main Subject Public administration-Nigeria
Subdivision (1st) Economic development-Nigeria
942 ## - ADDED ENTRY ELEMENTS (KOHA)
Item type Books
050 ## - LIBRARY OF CONGRESS CALL NUMBER
Classification number JQ3089.5.P64
Item number .A53
Holdings
Source of classification or shelving scheme Not for loan Permanent location Current location Date acquired Accession No. Full call number Barcode. Koha item type
Library of Congress Classification   Samuel Ogbemudia Main Library, University of Abuja Samuel Ogbemudia Main Library, University of Abuja 06/23/2025 2025/65099 JQ3089.5.P64.A53 2025-2625 Books